Statistics for European Or American Countries By GDP

Click here to take the quiz!

General Stats

  • This quiz has been taken 29 times
  • The average score is 31 of 35

Answer Stats

GDPPer CapitaCountry% Correct
$3,12 tri$48,330France
100%
$25,1 tri$69,180United States
100%
$1,88 tri$33,740Italy
96%
$1,42 tri$10,950Mexico
96%
$1,77 tri$11,280Russia
96%
$1,38 tri$29,120Spain
96%
$812,1 bi$93,550Switzerland
96%
$2,98 tri$46,510United Kingdom
96%
$657,2 bi$14,620Argentina
92%
$589,4 bi$50,600Belgium
92%
$1,93 tri$13,230Brazil
92%
$1,98 tri$51,990Canada
92%
$386,5 bi$65,720Denmark
92%
$4,01 tri$51,200Germany
92%
$1,01 tri$57,870Netherlands
92%
$482,4 bi$89,150Norway
92%
$228,7 bi$22,570Portugal
92%
$603,9 bi$56,360Sweden
92%
$468,4 bi$52,060Austria
88%
$328,1 bi$16,820Chile
88%
$420,4 bi$8,160Colombia
88%
$281,4 bi$50,820Finland
88%
$239,7 bi$7,050Peru
88%
$674,0 bi$17,740Poland
88%
$130,1 bi$3,160Ukraine
88%
$282,4 bi$28,090Czech Republic
83%
$107,7 bi$9,500Cuba
75%
$112,4 bi$10,580Dominican Republic
75%
$115,4 bi$6,420Ecuador
75%
$222,0 bi$20,190Greece
75%
$91,3 bi$5,010Guatemala
75%
$182,6 bi$17,730Hungary
75%
$522,7 bi$102,210Ireland
75%
$112,1 bi$20,560Slovakia
75%
$299,8 bi$14,860Romania
71%

Score Distribution

Percentile by Number Answered

Percent of People with Each Score

Your Score History

You have not taken this quiz